| 000 | 01576cam a22003494a 4500 | ||
|---|---|---|---|
| 999 |
_c129006 _d129006 |
||
| 001 | 14163759 | ||
| 003 | ARRUPE | ||
| 005 | 20190214101417.0 | ||
| 008 | 051102s2006 nyu b 001 0 eng | ||
| 010 | _a 2005031825 | ||
| 020 | _a1570756511 (pbk.) | ||
| 020 | _a9781570756511 | ||
| 035 | _a(OCoLC)ocm62281885 | ||
| 035 | _a(OCoLC)62281885 | ||
| 040 |
_aDLC _cDLC _dBAKER _dC#P _dYDXCP _dDLC |
||
| 042 | _apcc | ||
| 050 | 0 | 0 |
_aBT821.3 _b.K46 2006 |
| 082 | 0 | 0 |
_a236 _222 |
| 100 | 1 |
_aKelly, Anthony, _d1938- _944651 |
|
| 245 | 1 | 0 |
_aEschatology and hope / _cAnthony Kelly. |
| 260 |
_aMaryknoll, N.Y. : _bOrbis Books, _cc2006. |
||
| 300 |
_axiii, 242 p. ; _c24 cm. |
||
| 490 | 1 | _aTheology in global perspective series | |
| 504 | _aIncludes bibliographical references (p. 223-228) and indexes. | ||
| 505 | 0 | _aThe world of hope -- From hope to eschatology -- The intelligence of hope -- The parable of hope -- Death -- Purgatory -- Hell -- Heaven -- Hope's eucharistic imagination -- Living hope. | |
| 650 | 0 |
_aEschatology. _92626 |
|
| 650 | 0 |
_aHope _xReligious aspects _xChristianity. _944652 |
|
| 830 | 0 |
_aTheology in global perspective. _944653 |
|
| 856 | 4 | 1 |
_3Table of contents _uhttp://www.loc.gov/catdir/toc/ecip062/2005031825.html |
| 906 |
_a7 _bcbc _corignew _d1 _eecip _f20 _gy-gencatlg |
||
| 942 |
_2lcc _cMONOGRAPH |
||